| 000 | 00773nam a22002537a 4500 | ||
|---|---|---|---|
| 001 | 240021 | ||
| 003 | DO-SdBNP | ||
| 005 | 20180131152514.0 | ||
| 007 | 240021 | ||
| 008 | 160317b 1997 nyu xxu||||| |||| 00| 0 spa d | ||
| 020 | _a0439242940 | ||
| 040 |
_aBPMSU _bspa _cBPMSU |
||
| 092 |
_aXXXX _bXXXX |
||
| 100 | 1 | _aBerenstain, Stan | |
| 245 | 1 | 0 |
_aLos osos exploradores de Berenstain y el siniestro anillo de humo. _cStan y Jan Berenstain ; ilustrado por Michael Berenstain. |
| 260 |
_aNew York : _bScholastic, _c1997. |
||
| 300 |
_a116 p. : _bil., retrs. ; _c21 cm. |
||
| 500 | _aA Little Apple paperback. | ||
| 700 | 1 | 2 |
_aBerenstain, Michael, _eil. |
| 700 | 1 | 2 | _aBerenstain, Jan |
| 942 |
_2ddc _cBK |
||
| 945 | _aInventariado, 2018 / BT | ||
| 956 |
_2LOPEREZ _310 |
||
| 999 |
_c9294 _d9294 |
||